Where I Belong - Building 429 (All Lyrics) - Statistics

General Stats
  • This quiz has been taken 3 times
  • The average score is 172 of 197
Answer Stats
Lyrics % Correct
A
100%
All
100%
And
100%
Be
100%
Belong
100%
Come
100%
Have
100%
Here
100%
I
100%
In
100%
Is
100%
It
100%
Like
100%
Me
100%
Not
100%
Of
100%
On
100%
So
100%
That
100%
The
100%
This
100%
To
100%
When
100%
Where
100%
You
100%
Alive
67%
Am
67%
Answers
67%
Aren't
67%
Assurance
67%
Blessed
67%
Breathing
67%
But
67%
Current
67%
Down
67%
Falling
67%
Feels
67%
Find
67%
For
67%
Found
67%
From
67%
Give
67%
Holding
67%
Home
67%
I'm
67%
Jesus
67%
Keep
67%
Know
67%
Lights
67%
Lost
67%
Outside
67%
Raging
67%
Sea
67%
Searching
67%
Sometimes
67%
Take
67%
Walls
67%
Wanna
67%
Watching
67%
Will
67%
World
67%
Yet
67%
Earth
33%
Fade
33%
Shakes
33%
No matching quizzes found
Score Distribution
Percent of People with Each Score
Percentile by Number Answered
Your Score History
You have not taken this quiz